Vývoj webového nástroja pre digitalizáciu a úpravu klasických fotografií
Salvato in:
| Autore principale: | |
|---|---|
| Altri autori: | |
| Natura: | Manoscritto Libro |
| Lingua: | slovacco |
| Pubblicazione: |
2025
|
| Soggetti: | |
| Accesso online: | http://is.stuba.sk/zp/portal_zp.pl?podrobnosti=184442 |
| Tags: |
Nessun Tag, puoi essere il primo ad aggiungerne!!
|
MARC
| LEADER | 00000ntm a22000003a 4500 | ||
|---|---|---|---|
| 001 | stuzp102214 | ||
| 003 | SK-STU | ||
| 005 | 20250614211039.3 | ||
| 007 | ta | ||
| 008 | 150427s2015----xo-----f-mn---000-0-slo-d | ||
| 040 | |a STU |b slo | ||
| 041 | 0 | |a slo | |
| 100 | 1 | |a Žák, Andrej |u 035000 |4 aut |U FEI Fakulta elektrotechniky a informatiky |T FEI Ústav informatiky a matematiky |X 111498 |U E050 |Y 816 |7 111498 | |
| 242 | 0 | 1 | |a Development of a Web Tool for Digitization and Enhancement of Classic Photos |y eng |
| 245 | 1 | 0 | |a Vývoj webového nástroja pre digitalizáciu a úpravu klasických fotografií |
| 260 | |c 2025 | ||
| 650 | 4 | |a image processing |2 eng | |
| 650 | 4 | |a artificial intelligence |2 eng | |
| 650 | 4 | |a colorization |2 eng | |
| 650 | 4 | |a web application |2 eng | |
| 650 | 4 | |a photo digitization |2 eng | |
| 650 | 4 | |a digitalizácia fotografií |2 slo | |
| 650 | 4 | |a spracovanie obrazu |2 slo | |
| 650 | 4 | |a umelá inteligencia |2 slo | |
| 650 | 4 | |a webová aplikácia |2 slo | |
| 650 | 4 | |a kolorizácia |2 slo | |
| 700 | 1 | |a Sopiak, Dominik |u 030510 |k Z8 |4 ths |U FEI Fakulta elektrotechniky a informatiky |T FEI INOLab - Centrum pre inovácie a kybernetickú bezpečnosť |X 64721 |U 030510 |Y 846 |7 A000064721 | |
| 856 | 4 | |u http://is.stuba.sk/zp/portal_zp.pl?podrobnosti=184442 | |